| 000 | 00743cam a2200265 4500 | ||
|---|---|---|---|
| 008 | 090401t1998 xxu||||| |||| 00| 0 eng d | ||
| 020 | _a0419240403 | ||
| 035 | _a(Sirsi) u92679 | ||
| 041 | _aeng | ||
| 050 | _a725.827 | ||
| 245 | _aStadia, arenas and grandstands : design, construction and operation. | ||
| 260 |
_aLondon _bE & F N Spon _c1998 |
||
| 300 | _axxi,351p. : ill. ; 24cm. | ||
| 350 | _a75 | ||
| 650 | _aARENAS | ||
| 650 | _aBUILT ENVIRONMENT-CONSTRUCTION DESIGN | ||
| 650 | _aGRANDSTANDS | ||
| 650 | _aSTADIA | ||
| 690 | _aBUILT ENVIRONMENT-CONSTRUCTION DESIGN | ||
| 700 |
_aThompson, P.D. _xEditor |
||
| 700 |
_aTolloczko, J.J.A. _xEditor |
||
| 700 |
_aClarke, J.N. _xEditor |
||
| 942 | _n0 | ||
| 948 | _c13/04/1999 | ||
| 999 |
_c97764 _d97764 |
||